days of the week - Statistiques

Statistiques générales
  • Ce quiz a été pris 186 fois
  • Le résultat moyen est 6 sur 7
Statistiques - réponses
Hint Réponse % Correct
lundi monday
99%
mercredi wednesday
93%
mardi tuesday
90%
dimanche Sunday
87%
samedi Saturday
86%
vendredi Friday
85%
jeudi thursday
84%
Aucun quiz correspondant
Distribution des résultats
% des personnes avec chaque résultat
Percentile par nombre de réponses
Votre historique - résultats
Vous n’avez pas pris ce quiz